Statistics for Southernmost Countries by Continent

Click here to take the quiz!

General Stats

  • This quiz has been taken 760 times
    (589 since last reset)
  • The average score is 6 of 6

Answer Stats

ContinentCountry% Correct
AfricaSouth Africa
100%
South AmericaChile
96%
AsiaIndonesia
94%
North AmericaPanama
92%
EuropeGreece
91%
OceaniaAustralia
84%

Score Distribution

Percentile by Number Answered

Percent of People with Each Score

Your Score History

You have not taken this quiz since the last reset